00493nam a2200193 a 4500001001300000003000900013005001700022008004100039020001000080082001600090100002000106245002800126260004100154300001000195500003500205505002100240650001800261700002000279nice12345678IN_TiNIC20260116011622.0050524s1337 laha grp 000 0 per  ac10000a297.09bALW aAl-Waqidi, Umar aNasarud-Durrtranslation aLahorebMatba Gulzar Mohammadic1337 a860p. aincludes index and biblioraphy2 avol.1 and 4 only aIslam-History1 aAl-Waqidi, Umar